00317 a2200109 4500001000700000020000600007040001100013100001900024240008000043245007500123362000900198166457 a  cMagnum aMclaren, Peter10aMulticulturalismo revolucionario: pedagogia do dissenso para o novo...lpor10aMulticulturalismo revolucionario: pedagogia do dissenso para o novo...0 a1899